Higher Engineering Mathematics (Record no. 343885)
[ view plain ]
| 000 -LEADER | |
|---|---|
| fixed length control field | 00488nam a2200181Ia 4500 |
| 008 - FIXED-LENGTH DATA ELEMENTS--GENERAL INFORMATION | |
| fixed length control field | 230718s9999 xx 000 0 und d |
| 020 ## - INTERNATIONAL STANDARD BOOK NUMBER | |
| International Standard Book Number | 9788174091955 |
| 041 ## - LANGUAGE CODE | |
| Language code of text/sound track or separate title | eng |
| 082 ## - DEWEY DECIMAL CLASSIFICATION NUMBER | |
| Classification number | 510.620 |
| Item number | GRE |
| 100 ## - MAIN ENTRY--PERSONAL NAME | |
| Personal name | Grewal B.S. |
| 245 ## - TITLE STATEMENT | |
| Title | Higher Engineering Mathematics |
| 250 ## - EDITION STATEMENT | |
| Edition statement | 43rd ed. |
| 260 ## - PUBLICATION, DISTRIBUTION, ETC. (IMPRINT) | |
| Date of publication, distribution, etc. | 2014 |
| Name of publisher, distributor, etc. | Khanna Publisher |
| 300 ## - PHYSICAL DESCRIPTION | |
| Extent | 1315 |
| 365 ## - TRADE PRICE | |
| Currency code | Rs. |
| Price amount | 725.00 |
| 700 ## - ADDED ENTRY--PERSONAL NAME | |
| Personal name | Grewal B.S. & Grewal J.S. |
| 906 ## - LOCAL DATA ELEMENT F, LDF (RLIN) | |
| d | O:0367605-Jan-2017B:SE/SI/356202-Dec-2016 |
| c | BSH |
| b | 580 |
| Withdrawn status | Lost status | Damaged status | Not for loan | Home library | Current library | Date acquired | Vendor | Budget Code | Cost, normal purchase price | Bill number | Total Checkouts | Full call number | Barcode | Date last seen | Date last checked out | Discount | Cost, replacement price | Bill Date | Koha item type | Original Barcode |
|---|---|---|---|---|---|---|---|---|---|---|---|---|---|---|---|---|---|---|---|---|
| Cummins College of Engineering for Women Pune | Cummins College of Engineering for Women Pune | 05/01/2017 | Suyog Enterprises | BSH | 609.00 | SE/SI/3562 | 1 | 510.620 | CCEP-BK-55092 | 04/10/2023 | 20/09/2023 | 580 | 725.00 | 02/12/2016 | Books | 055092 |